Najlepší príklad zlatého spotu

Zlatý spot a jeho prvopočiatky v roku 2000. Zlatý spot využíva najhodnotnejšie sekundy v kinoreklame. Zlatý spot vo veľkej Británii.

Gespeichert in:
Bibliographische Detailangaben
1. Verfasser: Mišún, Juraj, 1978-
Format: Buchkapitel
Sprache:Slowakisch
Schlagworte:
Tags: Tag hinzufügen
Keine Tags, Fügen Sie das erste Tag hinzu!

MARC

LEADER 00000naa a2200000 4500
001 0125220
005 20240502072427.5
041 0 |a slo 
044 |a SK 
245 1 0 |a Najlepší príklad zlatého spotu  |c Juraj Mišún 
520 |a Zlatý spot a jeho prvopočiatky v roku 2000. Zlatý spot využíva najhodnotnejšie sekundy v kinoreklame. Zlatý spot vo veľkej Británii. 
610 2 0 |a reklama 
610 2 0 |a komunikácia masmediálna 
610 2 0 |a spoty reklamné 
100 1 |a Mišún, Juraj, 1978-